[Event "RUS-chT (Women)"]
[Site "Sochi"]
[Date "2019.05.08"]
[Round "7.2"]
[White "Zakharova, Viktoriya"]
[Black "Zaiatz, Elena"]
[Result "0-1"]
[WhiteElo "1926"]
[BlackElo "2345"]
[PlyCount "88"]
[EventDate "2019.05.01"]
[EventType "team-swiss"]
[EventRounds "9"]
[EventCountry "RUS"]
[SourceTitle "CBM 190 Extra"]
[Source "ChessBase"]
[SourceDate "2019.07.15"]
[SourceVersion "1"]
[SourceVersionDate "2019.07.15"]
[SourceQuality "1"]
[WhiteTeam "Altai Territory (W)"]
[BlackTeam "Moscow Ekspromt (W)"]
[WhiteTeamCountry "RUS"]
[BlackTeamCountry "RUS"]

1. e4 e5 2. Nf3 Nc6 3. Bb5 g6 4. 0-0 Bg7 5. c3 a6 6. Ba4 Nge7 7. d4 exd4 8. cxd4 b5 9. Bc2 0-0 10. a4 Bb7 11. axb5 axb5 12. Rxa8 Qxa8 13. d5 Nb4 14. Bb3 Na6 15. Nd4 c6 16. Bg5 Nc8 17. dxc6 dxc6 18. Qd2 Nc5 19. Bc2 Nd6 20. Qf4 Ncxe4 21. Nf3 Nxg5 22. Nxg5 Nc4 23. Qh4 h6 24. Ne4 Qd8 25. Qf4 Qe7 26. b3 Nb6 27. f3 Nd5 28. Qd2 f5 29. Nf2 Qe3 30. Re1 Qxd2 31. Nxd2 Ra8 32. Nf1 Bd4 33. g3 Nb4 34. Bb1 c5 35. Kg2 Bd5 36. Nd2 Kf7 37. Nd3 Nxd3 38. Bxd3 Ra2 39. Re2 Bc3 40. Nb1 Rxe2+ 41. Bxe2 Bb4 42. Bxb5 Bxb3 43. Kf2 c4 44. Ke2 c3 0-1

[Event "Moscow Nutcracker rapid (Women)"]
[Site "Moscow"]
[Date "2017.12.24"]
[Round "5.3"]
[White "Dimitrova, Aleksandra"]
[Black "Zaiatz, Elena"]
[Result "1-0"]
[WhiteElo "2274"]
[BlackElo "2345"]
[PlyCount "143"]
[EventDate "2017.12.23"]
[EventType "schev (rapid)"]
[EventRounds "8"]
[EventCountry "RUS"]
[SourceTitle "CBM 182 Extra"]
[Source "ChessBase"]
[SourceDate "2018.02.23"]
[SourceVersion "1"]
[SourceVersionDate "2018.02.23"]
[SourceQuality "1"]
[WhiteTeam "Princes"]
[BlackTeam "Queens"]
[WhiteTeamCountry "RUS"]
[BlackTeamCountry "RUS"]

1. e4 e5 2. Nf3 Nc6 3. Bb5 a6 4. Bxc6 dxc6 5. 0-0 f6 6. d4 exd4 7. Nxd4 c5 8. Nb3 Qxd1 9. Rxd1 Bg4 10. f3 Be6 11. Nc3 Bd6 12. Be3 b6 13. a4 Kf7 14. a5 c4 15. Nd4 b5 16. f4 Bd7 17. e5 fxe5 18. fxe5 Bxe5 19. Nf3 Bd6 20. Ne4 Nf6 21. Nxd6+ cxd6 22. Rxd6 Rhe8 23. Bg5 Bg4 24. Bxf6 gxf6 25. Rf1 Ke7 26. Rb6 Reb8 27. Rxb8 Rxb8 28. Nd4 Bd7 29. Rf4 Kf7 30. Kf2 Re8 31. b4 cxb3 32. cxb3 Rc8 33. Ke3 Rc1 34. Kd2 Rg1 35. Rf2 Ke7 36. b4 h5 37. g3 Rb1 38. Kc3 Bh3 39. Nb3 Re1 40. Nc5 Bc8 41. Kd4 Rd1+ 42. Kc3 Re1 43. Nd3 Re4 44. Nf4 Rc4+ 45. Kd3 Bb7 46. Rb2 Bf3 47. Ke3 Rc3+ 48. Kf2 Kf7 49. Rd2 Bg4 50. Rd6 Rc2+ 51. Ke3 Rb2 52. Rxa6 Rxb4 53. Rxf6+ Kg7 54. Rb6 Rb3+ 55. Kd4 Kf7 56. Kc5 Rb2 57. Rxb5 Rxh2 58. a6 Ra2 59. Kb6 Bc8 60. a7 Ra6+ 61. Kc7 Rxa7+ 62. Kxc8 h4 63. gxh4 Ra4 64. Rf5+ Kg7 65. h5 Kh6 66. Kd7 Ra7+ 67. Ke6 Ra6+ 68. Ke5 Ra5+ 69. Ke4 Ra1 70. Re5 Ra8 71. Re6+ Kh7 72. Kf5 1-0

[Event "Moscow Nutcracker rapid (Women)"]
[Site "Moscow"]
[Date "2017.12.23"]
[Round "2.3"]
[White "Zaiatz, Elena"]
[Black "Solozhenkina, Elizaveta"]
[Result "1-0"]
[WhiteElo "2345"]
[BlackElo "2230"]
[PlyCount "59"]
[EventDate "2017.12.23"]
[EventType "schev (rapid)"]
[EventRounds "8"]
[EventCountry "RUS"]
[SourceTitle "CBM 182 Extra"]
[Source "ChessBase"]
[SourceDate "2018.02.23"]
[SourceVersion "1"]
[SourceVersionDate "2018.02.23"]
[SourceQuality "1"]
[WhiteTeam "Queens"]
[BlackTeam "Princes"]
[WhiteTeamCountry "RUS"]
[BlackTeamCountry "RUS"]

1. d4 d5 2. Nf3 Nf6 3. e3 e6 4. Bd3 c5 5. b3 Nc6 6. 0-0 Bd6 7. Bb2 0-0 8. a3 b6 9. Ne5 Bb7 10. Nd2 Rc8 11. f4 Ne7 12. Qf3 Qc7 13. Qh3 cxd4 14. exd4 Ne4 15. Rae1 h6 16. Bxe4 dxe4 17. c4 f5 18. g4 Bxe5 19. fxe5 fxg4 20. Qxg4 Rxf1+ 21. Nxf1 Nf5 22. Ng3 Rf8 23. Nxe4 Kh8 24. a4 Qe7 25. Nd6 Nxd6 26. exd6 Qf7 27. Qg3 Qd7 28. d5 Rg8 29. Rxe6 Kh7 30. Qg6+ 1-0

[Event "EU-Cup (Women) 22nd"]
[Site "Antalya"]
[Date "2017.10.14"]
[Round "7.3"]
[White "Zaiatz, Elena"]
[Black "Choisy, Mathilde"]
[Result "1-0"]
[WhiteElo "2334"]
[BlackElo "2162"]
[PlyCount "113"]
[EventDate "2017.10.08"]
[EventType "team-swiss"]
[EventRounds "7"]
[EventCountry "TUR"]
[SourceTitle "CBM 181 Extra"]
[Source "ChessBase"]
[SourceDate "2017.12.12"]
[SourceVersion "1"]
[SourceVersionDate "2017.12.12"]
[SourceQuality "1"]
[WhiteTeam "Bossa Nova (W)"]
[BlackTeam "Mulhouse Philidor (W)"]
[WhiteTeamCountry "BLR"]
[BlackTeamCountry "FRA"]

1. d4 Nf6 2. c4 g6 3. Nc3 Bg7 4. e4 d6 5. Be2 0-0 6. Bg5 c5 7. dxc5 Qa5 8. Bd2 Qxc5 9. Nf3 Bg4 10. Be3 Qa5 11. 0-0 Nc6 12. a3 Rfc8 13. Nd2 Bxe2 14. Qxe2 Qh5 15. f3 Bh6 16. Bxh6 Qxh6 17. Nd5 Qg7 18. Qe3 Nxd5 19. exd5 Qd4 20. Qxd4 Nxd4 21. Rae1 Rc7 22. g4 Rb8 23. Re4 e5 24. dxe6 Nxe6 25. f4 b5 26. f5 Nc5 27. Re2 bxc4 28. Nxc4 d5 29. Ne3 Rd7 30. b4 Na4 31. Rd2 Rbd8 32. g5 Nc3 33. Ng4 Ne4 34. Rd4 Rc7 35. Ne3 Nc3 36. Kg2 Ne4 37. Nxd5 Rc2+ 38. Kg1 Kf8 39. Rxe4 Rxd5 40. Ref4 Rdd2 41. R4f2 Rxf2 42. Rxf2 Rc3 43. f6 Rxa3 44. Rc2 Ke8 45. Re2+ Kf8 46. Re7 Ra4 47. Rb7 Ke8 48. Kf2 a5 49. Re7+ Kd8 50. Rxf7 Rxb4 51. Rxh7 Rg4 52. h4 Ke8 53. Kf3 Rb4 54. h5 Rb3+ 55. Ke4 Rb4+ 56. Kd3 gxh5 57. g6 1-0

[Event "EU-Cup (Women) 22nd"]
[Site "Antalya"]
[Date "2017.10.13"]
[Round "6.3"]
[White "Zaiatz, Elena"]
[Black "Isgandarova, Khayala Ilqar Qizi"]
[Result "1-0"]
[WhiteElo "2334"]
[BlackElo "2242"]
[PlyCount "47"]
[EventDate "2017.10.08"]
[EventType "team-swiss"]
[EventRounds "7"]
[EventCountry "TUR"]
[SourceTitle "CBM 181 Extra"]
[Source "ChessBase"]
[SourceDate "2017.12.12"]
[SourceVersion "1"]
[SourceVersionDate "2017.12.12"]
[SourceQuality "1"]
[WhiteTeam "Bossa Nova (W)"]
[BlackTeam "Anatolia (W)"]
[WhiteTeamCountry "BLR"]
[BlackTeamCountry "TUR"]

1. d4 Nf6 2. c4 g6 3. Nc3 Bg7 4. e4 d6 5. Be2 0-0 6. Be3 e5 7. d5 a5 8. g4 Na6 9. g5 Ne8 10. h4 f5 11. gxf6 Nxf6 12. h5 Nc5 13. hxg6 hxg6 14. Bf3 Nh7 15. Qd2 Bf6 16. Nh3 Bh4 17. Be2 Nf6 18. Bxc5 dxc5 19. Qh6 Ne8 20. 0-0-0 Bxh3 21. Rdg1 Ra6 22. Rxh3 Rf4 23. Bg4 Bg5 24. Qh8+ 1-0

[Event "EU-Cup (Women) 22nd"]
[Site "Antalya"]
[Date "2017.10.12"]
[Round "5.3"]
[White "Batsiashvili, Nino"]
[Black "Zaiatz, Elena"]
[Result "1/2-1/2"]
[WhiteElo "2472"]
[BlackElo "2334"]
[PlyCount "122"]
[EventDate "2017.10.08"]
[EventType "team-swiss"]
[EventRounds "7"]
[EventCountry "TUR"]
[SourceTitle "CBM 181 Extra"]
[Source "ChessBase"]
[SourceDate "2017.12.12"]
[SourceVersion "1"]
[SourceVersionDate "2017.12.12"]
[SourceQuality "1"]
[WhiteTeam "Batumi Nona (W)"]
[BlackTeam "Bossa Nova (W)"]
[WhiteTeamCountry "GEO"]
[BlackTeamCountry "BLR"]

1. d4 Nf6 2. Bf4 d5 3. e3 g6 4. Nf3 Bg7 5. Be2 0-0 6. 0-0 c5 7. c3 b6 8. a4 Nc6 9. Ne5 Bb7 10. Nd2 Nd7 11. Nxc6 Bxc6 12. Nf3 a6 13. Qc2 Re8 14. Rfd1 Qc8 15. c4 Qb7 16. dxc5 e5 17. Bg3 Nxc5 18. b4 Ne4 19. b5 axb5 20. axb5 Rxa1 21. Rxa1 Bd7 22. Rd1 Bf5 23. Qb3 d4 24. Bf1 Nc5 25. Qb2 Bg4 26. Re1 Bxf3 27. exd4 Ne6 28. gxf3 exd4 29. Qa3 Ra8 30. Qd6 Rd8 31. Rxe6 Rxd6 32. Re8+ Bf8 33. Bxd6 Qd7 34. Rxf8+ Kg7 35. Bb4 d3 36. Rb8 d2 37. Bf8+ Kf6 38. Rxb6+ Kg5 39. Rd6 d1Q 40. Rxd7 Qxd7 41. c5 Qd5 42. Bd6 f5 43. f4+ Kh4 44. h3 g5 45. Be7 Kh5 46. fxg5 Qe6 47. Bd6 Kxg5 48. b6 Qe4 49. Bg2 Qe1+ 50. Bf1 Qe4 51. Bg2 Qe1+ 52. Kh2 f4 53. b7 Qxf2 54. b8Q Qg3+ 55. Kg1 Qe3+ 56. Kf1 Qc1+ 57. Kf2 Qe3+ 58. Kf1 Qc1+ 59. Ke2 Qc2+ 60. Ke1 Qc1+ 61. Kf2 Qe3+ 1/2-1/2

[Event "EU-Cup (Women) 22nd"]
[Site "Antalya"]
[Date "2017.10.10"]
[Round "3.3"]
[White "Zaiatz, Elena"]
[Black "Mammadova, Gulnar Marfat Qizi"]
[Result "1-0"]
[WhiteElo "2334"]
[BlackElo "2385"]
[PlyCount "69"]
[EventDate "2017.10.08"]
[EventType "team-swiss"]
[EventRounds "7"]
[EventCountry "TUR"]
[SourceTitle "CBM 181 Extra"]
[Source "ChessBase"]
[SourceDate "2017.12.12"]
[SourceVersion "1"]
[SourceVersionDate "2017.12.12"]
[SourceQuality "1"]
[WhiteTeam "Bossa Nova (W)"]
[BlackTeam "Odlar Yurdu (W)"]
[WhiteTeamCountry "BLR"]
[BlackTeamCountry "AZE"]

1. d4 d5 2. c4 c6 3. Nf3 Nf6 4. Nc3 a6 5. a4 e6 6. g3 Bb4 7. Qb3 a5 8. c5 b6 9. cxb6 Qxb6 10. Bg2 Nbd7 11. 0-0 Ba6 12. Qc2 c5 13. Na2 cxd4 14. Nxb4 Qxb4 15. b3 Rc8 16. Qa2 Nc5 17. Ba3 Qxb3 18. Qd2 Qb6 19. Rab1 Qc7 20. Rfc1 Nfd7 21. Nxd4 0-0 22. Nb5 Qb6 23. e4 Ne5 24. exd5 Ncd3 25. Rd1 Rfd8 26. Nd6 Rxd6 27. Rxb6 Rxb6 28. f4 Nd7 29. dxe6 fxe6 30. Qxa5 Bc4 31. Qa7 N3c5 32. Bxc5 Rxc5 33. Qxd7 Rb8 34. Rc1 Rbc8 35. Bb7 1-0

[Event "EU-Cup (Women) 22nd"]
[Site "Antalya"]
[Date "2017.10.08"]
[Round "1.5"]
[White "Zaiatz, Elena"]
[Black "Celik, Eda"]
[Result "1-0"]
[WhiteElo "2334"]
[BlackElo "1880"]
[PlyCount "51"]
[EventDate "2017.10.08"]
[EventType "team-swiss"]
[EventRounds "7"]
[EventCountry "TUR"]
[SourceTitle "CBM 181 Extra"]
[Source "ChessBase"]
[SourceDate "2017.12.12"]
[SourceVersion "1"]
[SourceVersionDate "2017.12.12"]
[SourceQuality "1"]
[WhiteTeam "Bossa Nova (W)"]
[BlackTeam "Aegean (W)"]
[WhiteTeamCountry "BLR"]
[BlackTeamCountry "TUR"]

1. Nf3 d5 2. g3 c6 3. Bg2 Bg4 4. 0-0 Nf6 5. d4 e6 6. Nbd2 Nbd7 7. Re1 Be7 8. c3 0-0 9. e4 dxe4 10. Nxe4 Nxe4 11. Rxe4 Nf6 12. Re1 Qb6 13. h3 Bh5 14. g4 Bg6 15. Ne5 Rfd8 16. h4 h6 17. Nxg6 fxg6 18. Rxe6 Qc7 19. g5 hxg5 20. Bxg5 Bd6 21. Bxf6 gxf6 22. Qf3 Be7 23. Rae1 Rd7 24. h5 gxh5 25. Qxh5 Kg7 26. R1e4 1-0

[Event "BLR-chT"]
[Site "Minsk"]
[Date "2017.05.08"]
[Round "1.2"]
[White "Shapkin, Alexander"]
[Black "Zaiatz, Elena"]
[Result "0-1"]
[WhiteElo "1874"]
[BlackElo "2313"]
[PlyCount "60"]
[EventDate "2017.05.08"]
[EventType "team-swiss"]
[EventRounds "7"]
[EventCountry "BLR"]
[SourceTitle "CBM 178 Extra"]
[Source "ChessBase"]
[SourceDate "2017.06.22"]
[SourceVersion "1"]
[SourceVersionDate "2017.06.22"]
[SourceQuality "1"]
[WhiteTeam "Bgu"]
[BlackTeam "Vector"]
[WhiteTeamCountry "BLR"]
[BlackTeamCountry "BLR"]

1. e4 e5 2. Nf3 Nc6 3. Bb5 g6 4. c3 a6 5. Bc4 Bg7 6. d4 exd4 7. cxd4 b5 8. Bb3 d6 9. 0-0 Nge7 10. d5 Na5 11. Bc2 0-0 12. Bd2 Nc4 13. Bc3 Nxb2 14. Qe1 Nc4 15. Bxg7 Kxg7 16. Qc3+ f6 17. a4 Bd7 18. Bb3 Ne5 19. Nd4 c5 20. dxc6 N7xc6 21. axb5 axb5 22. Rxa8 Qxa8 23. Nxb5 Qb8 24. N1a3 Rc8 25. Qd2 Nd8 26. Qxd6 Bxb5 27. Qe7+ Ndf7 28. f4 Qb6+ 29. Kh1 Bxf1 30. fxe5 Qf2 0-1

[Event "Minsk Bronstein Memorial op"]
[Site "Minsk"]
[Date "2017.02.18"]
[Round "3"]
[White "Kusenkova, Natallia"]
[Black "Zaiatz, Elena"]
[Result "1-0"]
[WhiteElo "2092"]
[BlackElo "2313"]
[PlyCount "141"]
[EventDate "2017.02.18"]
[EventType "swiss (rapid)"]
[EventRounds "10"]
[EventCountry "BLR"]
[SourceTitle "EXT 2018"]
[Source "ChessBase"]
[SourceDate "2017.10.13"]
[SourceVersion "1"]
[SourceVersionDate "2017.10.13"]
[SourceQuality "1"]

1. Nf3 d5 2. g3 g6 3. d4 Bg7 4. Bg2 e6 5. 0-0 Nc6 6. b3 Nge7 7. Bb2 0-0 8. c4 a5 9. Ne5 b6 10. Na3 Bb7 11. Nb5 a4 12. Qc1 f6 13. Nd3 axb3 14. axb3 Rxa1 15. Bxa1 Qd7 16. Rd1 Na5 17. Qc2 Ba6 18. Na3 dxc4 19. bxc4 Nf5 20. Nb4 Bc8 21. e4 Qe7 22. c5 Nh6 23. Nd3 Rd8 24. Nc4 Nxc4 25. Qxc4 Nf7 26. Bc3 Qe8 27. Ra1 Bd7 28. Nb4 Bb5 29. Qb3 bxc5 30. dxc5 c6 31. Bf1 Bxf1 32. Kxf1 Ng5 33. Qc4 Qd7 34. h4 Nf7 35. Ra6 e5 36. Kg2 Rc8 37. Qa2 Rc7 38. Ra8+ Bf8 39. Qd2 Kg7 40. Qxd7 Rxd7 41. Rc8 Bxc5 42. Rxc6 Ba7 43. Nd5 Nd6 44. f3 Nb5 45. Bb4 f5 46. Rc8 fxe4 47. fxe4 Rf7 48. Bc5 Bxc5 49. Rxc5 Nd4 50. Ne3 Ra7 51. Rxe5 Ra2+ 52. Kh3 h5 53. Nd5 Nf3 54. Re7+ Kf8 55. g4 Ra3 56. gxh5 gxh5 57. Kg3 Nd4+ 58. Kf4 Nf3 59. Rh7 Nxh4 60. Rxh5 Ng6+ 61. Kf5 Ne7+ 62. Ke5 Nxd5 63. exd5 Ke7 64. Rh7+ Kd8 65. Ke6 Re3+ 66. Kd6 Kc8 67. Rh8+ Kb7 68. Kd7 Rg3 69. d6 Rg7+ 70. Ke6 Rg6+ 71. Ke7 1-0

[Event "Moscow Nutcracker rapid (Women)"]
[Site "Moscow"]
[Date "2016.12.21"]
[Round "1.4"]
[White "Dimitrova, Aleksandra"]
[Black "Zaiatz, Elena"]
[Result "0-1"]
[WhiteElo "2319"]
[BlackElo "2313"]
[PlyCount "120"]
[EventDate "2016.12.21"]
[EventType "schev (rapid)"]
[EventRounds "8"]
[EventCountry "RUS"]
[SourceTitle "CBM 176 Extra"]
[Source "ChessBase"]
[SourceDate "2017.03.02"]
[SourceVersion "1"]
[SourceVersionDate "2017.03.02"]
[SourceQuality "1"]
[WhiteTeam "Princes"]
[BlackTeam "Queens"]
[WhiteTeamCountry "RUS"]
[BlackTeamCountry "RUS"]

1. e4 e5 2. Nf3 Nc6 3. Bb5 a6 4. Ba4 Nf6 5. 0-0 Be7 6. Re1 b5 7. Bb3 d6 8. c3 0-0 9. h3 Nb8 10. d4 Nbd7 11. Nbd2 Bb7 12. Bc2 Re8 13. Nf1 Bf8 14. Ng3 g6 15. b3 c6 16. Bb2 Bg7 17. c4 exd4 18. Bxd4 bxc4 19. bxc4 Qc7 20. Rb1 Rad8 21. Qc1 Qc8 22. Qb2 Ba8 23. Qa3 Ne5 24. Nxe5 dxe5 25. Be3 Nd7 26. c5 Nf8 27. Rb6 Ne6 28. Rxa6 Bf8 29. Ra5 Bb7 30. Bd3 Qc7 31. Bc4 Ra8 32. Rxa8 Rxa8 33. Qb4 Bc8 34. Qb6 Qd7 35. Rb1 Nd4 36. Rb2 Kg7 37. Rd2 Qa7 38. Bxd4 exd4 39. Qxc6 Bxc5 40. e5 Be7 41. Qf3 Bg5 42. Rd1 Be6 43. Bb3 Rd8 44. Ne4 Be7 45. Qd3 Qa5 46. f4 Bc8 47. Ng3 Ba6 48. Qf3 d3 49. Nf1 Qc5+ 50. Qf2 Qc3 51. Qd2 Bc5+ 52. Kh2 Qd4 53. Ng3 h5 54. h4 Bb4 55. Qc1 Rc8 56. Qa1 Bc3 57. Qb1 Qxf4 58. Rf1 Qxh4+ 59. Kg1 Bd4+ 60. Rf2 Bxf2+ 0-1

[Event "Moscow Nutcracker (Women)"]
[Site "Moscow"]
[Date "2016.12.19"]
[Round "3.4"]
[White "Zaiatz, Elena"]
[Black "Solozhenkina, Elizaveta"]
[Result "1/2-1/2"]
[WhiteElo "2313"]
[BlackElo "2269"]
[PlyCount "56"]
[EventDate "2016.12.17"]
[EventType "schev"]
[EventRounds "4"]
[EventCountry "RUS"]
[SourceTitle "CBM 176 Extra"]
[Source "ChessBase"]
[SourceDate "2017.03.02"]
[SourceVersion "1"]
[SourceVersionDate "2017.03.02"]
[SourceQuality "1"]
[WhiteTeam "Queens"]
[BlackTeam "Princes"]
[WhiteTeamCountry "RUS"]
[BlackTeamCountry "RUS"]

1. d4 Nf6 2. c4 e6 3. Nc3 Bb4 4. e3 0-0 5. Bd3 d5 6. Nf3 b6 7. 0-0 Bb7 8. cxd5 exd5 9. a3 Bd6 10. b4 a6 11. Qb3 Qe7 12. Bb2 Nbd7 13. Rac1 Rab8 14. b5 axb5 15. Nxb5 c5 16. Nxd6 Qxd6 17. dxc5 bxc5 18. Qc2 Rfc8 19. Bf5 d4 20. Nd2 Qd5 21. e4 Qc6 22. Rfe1 Rc7 23. Nf3 Re8 24. Qd2 Qd6 25. Qa5 Ra8 26. Qd2 Re8 27. Qa5 Ra8 28. Qd2 Re8 1/2-1/2

[Event "RUS-ch Higher League (Women) 66th"]
[Site "Kolomna"]
[Date "2016.06.24"]
[Round "3"]
[White "Zaiatz, Elena"]
[Black "Solozhenkina, Elizaveta"]
[Result "0-1"]
[WhiteElo "2344"]
[BlackElo "2123"]
[PlyCount "92"]
[EventDate "2016.06.22"]
[EventType "swiss"]
[EventRounds "9"]
[EventCountry "RUS"]
[SourceTitle "CBM 173 Extra"]
[Source "ChessBase"]
[SourceDate "2016.08.29"]
[SourceVersion "1"]
[SourceVersionDate "2016.08.29"]
[SourceQuality "1"]

1. d4 Nf6 2. c4 g6 3. Nc3 d5 4. cxd5 Nxd5 5. Bd2 Bg7 6. Nf3 0-0 7. Rc1 Nb6 8. Bf4 c5 9. Nb5 Na6 10. dxc5 Qxd1+ 11. Rxd1 Na4 12. b3 N4xc5 13. Be5 Bf5 14. Bxg7 Kxg7 15. e3 Nb4 16. Nfd4 Nxa2 17. Nc7 Rac8 18. Nd5 e6 19. Ra1 exd5 20. Rxa2 a6 21. f3 Ne6 22. Nxf5+ gxf5 23. Kd2 Kf6 24. Bd3 Rg8 25. g3 h5 26. Rf1 Ke5 27. Ra5 Nc5 28. Bc2 b6 29. Raa1 a5 30. b4 Nb7 31. Bd3 Ra8 32. Rfb1 Nd6 33. bxa5 Rxa5 34. Rxa5 bxa5 35. Ra1 Rb8 36. Rxa5 Rb2+ 37. Kc3 Rxh2 38. Ra8 Rg2 39. Rh8 Rxg3 40. f4+ Ke6 41. Rh6+ f6 42. Rxh5 Rxe3 43. Kd4 Rf3 44. Rh4 Nf7 45. Ba6 Kd6 46. Be2 Ne5 0-1

[Event "RUS-ch Higher League (Women) 66th"]
[Site "Kolomna"]
[Date "2016.06.22"]
[Round "1"]
[White "Zaiatz, Elena"]
[Black "Khazieva, Elza"]
[Result "1-0"]
[WhiteElo "2344"]
[BlackElo "2128"]
[PlyCount "53"]
[EventDate "2016.06.22"]
[EventType "swiss"]
[EventRounds "9"]
[EventCountry "RUS"]
[SourceTitle "CBM 173 Extra"]
[Source "ChessBase"]
[SourceDate "2016.08.29"]
[SourceVersion "1"]
[SourceVersionDate "2016.08.29"]
[SourceQuality "1"]

1. d4 Nf6 2. c4 e6 3. Nc3 Bb4 4. e3 b6 5. Nge2 Ba6 6. a3 Bxc3+ 7. Nxc3 d5 8. Qf3 c6 9. b3 0-0 10. g4 Bb7 11. g5 Ne4 12. Nxe4 dxe4 13. Qg3 b5 14. Bd2 bxc4 15. bxc4 Na6 16. Rb1 Rb8 17. c5 Ba8 18. Rc1 Qc8 19. Bc4 Nc7 20. h4 Nb5 21. g6 Rb7 22. gxh7+ Kh8 23. a4 Na3 24. Ba6 Qb8 25. Bxb7 Qxb7 26. h5 Kxh7 27. Qg4 1-0

[Event "RUS-chT (Women) 18th"]
[Site "Sochi"]
[Date "2016.05.09"]
[Round "8.3"]
[White "Mkrtchian, Lilit"]
[Black "Zaiatz, Elena"]
[Result "1/2-1/2"]
[WhiteElo "2434"]
[BlackElo "2364"]
[PlyCount "125"]
[EventDate "2016.05.01"]
[EventType "team-tourn"]
[EventRounds "9"]
[EventCountry "RUS"]
[SourceTitle "CBM 172 Extra"]
[Source "ChessBase"]
[SourceDate "2016.06.21"]
[SourceVersion "1"]
[SourceVersionDate "2016.06.21"]
[SourceQuality "1"]
[WhiteTeam "Khanty Mansyisk Yugra (W)"]
[BlackTeam "Krasnodar Belorechensk Uni (W)"]
[WhiteTeamCountry "RUS"]
[BlackTeamCountry "RUS"]

1. c4 e6 2. g3 d5 3. Bg2 dxc4 4. Qa4+ Nd7 5. Qxc4 c5 6. d3 Ngf6 7. Nf3 a6 8. Qb3 Bd6 9. a4 Rb8 10. a5 Bc7 11. Qa4 0-0 12. 0-0 Nd5 13. Nbd2 b5 14. axb6 N7xb6 15. Qc2 Bd6 16. Ne4 Nb4 17. Qb3 Be7 18. Bf4 Rb7 19. Rfc1 N6d5 20. Bd2 Nc6 21. Qa4 Rb5 22. Nc3 Rb6 23. Ne4 Rb5 24. Nc3 Rb6 25. Qc2 Bb7 26. Na4 Rb5 27. Qc4 Qb8 28. Qg4 Ne5 29. Nxe5 Qxe5 30. e4 h5 31. Qe2 Nb4 32. Bc3 Qg5 33. h4 Qh6 34. Bf3 Rd8 35. Bd2 Qh7 36. Ra3 g6 37. Be3 Rc8 38. Rb3 Na2 39. Rcc3 Nxc3 40. Rxc3 Qg7 41. Qc2 Qf8 42. Be2 f5 43. Rc4 Kh7 44. b3 Bd6 45. f4 Rb4 46. Bd2 Rxc4 47. Qxc4 e5 48. Nb6 Rd8 49. Nd5 exf4 50. Nxf4 Bxf4 51. Bxf4 fxe4 52. dxe4 Rd4 53. Qc1 Rxe4 54. Bd3 Rd4 55. Qe3 Qd8 56. Qe6 Re4 57. Bxe4 Qd4+ 58. Kf1 Qxe4 59. Qf7+ Kh8 60. Qf8+ Kh7 61. Qf7+ Kh8 62. Qf8+ Kh7 63. Qf7+ 1/2-1/2

[Event "RUS-chT (Women) 18th"]
[Site "Sochi"]
[Date "2016.05.01"]
[Round "1.4"]
[White "Kashlinskaya, Alina"]
[Black "Zaiatz, Elena"]
[Result "1-0"]
[WhiteElo "2466"]
[BlackElo "2364"]
[PlyCount "119"]
[EventDate "2016.05.01"]
[EventType "team-tourn"]
[EventRounds "9"]
[EventCountry "RUS"]
[SourceTitle "CBM 172 Extra"]
[Source "ChessBase"]
[SourceDate "2016.06.21"]
[SourceVersion "1"]
[SourceVersionDate "2016.06.21"]
[SourceQuality "1"]
[WhiteTeam "Moscow Legacy Square (W)"]
[BlackTeam "Krasnodar Belorechensk Uni (W)"]
[WhiteTeamCountry "RUS"]
[BlackTeamCountry "RUS"]

1. d4 Nf6 2. c4 e6 3. Nf3 d5 4. g3 dxc4 5. Bg2 Nc6 6. Qa4 Nd7 7. Qxc4 Nb6 8. Qb5 a6 9. Qd3 e5 10. Nxe5 Nb4 11. Qd1 Qxd4 12. Qxd4 Nc2+ 13. Kd1 Nxd4 14. Be3 Nf5 15. Bxb6 cxb6 16. Nc3 Rb8 17. Nd5 f6 18. Nd3 b5 19. Rc1 Bd6 20. e3 Ne7 21. Kd2 Kf7 22. Nxe7 Kxe7 23. Bd5 Rd8 24. e4 f5 25. Ke3 fxe4 26. Bxe4 g6 27. h4 Kf6 28. h5 Re8 29. Kf3 Bg4+ 30. Kxg4 Rxe4+ 31. f4 Rd4 32. Nc5 gxh5+ 33. Rxh5 Rg8+ 34. Kh4 b6 35. Rh6+ Rg6 36. Nd7+ Kg7 37. Rxg6+ hxg6 38. Nxb6 Rd2 39. Kg4 Rxb2 40. Rc6 Ba3 41. Nd5 a5 42. Rc7+ Kf8 43. Kg5 Ke8 44. Kxg6 Rxa2 45. Rc3 Bb2 46. Rd3 b4 47. g4 Ra3 48. Rd2 Bh8 49. g5 Rg3 50. f5 Bc3 51. Rd1 b3 52. f6 Bxf6 53. Nxf6+ Ke7 54. Nd5+ Ke6 55. Nb6 Rc3 56. Na4 Rc4 57. Nb2 Rc2 58. Rb1 Ke5 59. Nd3+ Kd4 60. Rxb3 1-0

[Event "EU-ch rapid"]
[Site "Minsk"]
[Date "2015.12.20"]
[Round "11"]
[White "Zaiatz, Elena"]
[Black "Belous, Vladimir"]
[Result "0-1"]
[WhiteElo "2382"]
[BlackElo "2557"]
[PlyCount "94"]
[EventDate "2015.12.19"]
[EventType "swiss (rapid)"]
[EventRounds "11"]
[EventCountry "BLR"]
[SourceTitle "EXT 2017"]
[Source "ChessBase"]
[SourceDate "2016.10.25"]
[SourceVersion "1"]
[SourceVersionDate "2016.10.25"]
[SourceQuality "1"]

1. d4 Nf6 2. c4 g6 3. Nc3 d5 4. Bg5 Bg7 5. e3 Ne4 6. Bh4 Nxc3 7. bxc3 c5 8. cxd5 cxd4 9. cxd4 Qa5+ 10. Qd2 Qxd5 11. Nf3 Nc6 12. Rc1 Bg4 13. Be2 0-0 14. h3 Bf5 15. Rc5 Qd7 16. 0-0 Rac8 17. Bb5 a6 18. Bxc6 Rxc6 19. Rxc6 bxc6 20. Qa5 Qb7 21. Rc1 Rc8 22. Rc3 Be6 23. Kh2 Bd5 24. Bg3 Bf8 25. Rc2 e6 26. Qd2 c5 27. dxc5 Rxc5 28. Rxc5 Bxc5 29. Ne5 Qb4 30. Qc1 Qe4 31. Nf3 Qc4 32. Qb2 Qb4 33. Qe5 Be7 34. Qc7 Qb7 35. Qc3 f6 36. a3 e5 37. Ne1 Kf7 38. f3 Qb3 39. Qa5 Qb5 40. Qc7 Qc5 41. Qb8 Qxe3 42. Qh8 Qh6 43. Nc2 Bf8 44. Nb4 Bb7 45. Bxe5 fxe5 46. Qxe5 Qh4 47. Nd5 Qd8 0-1